000 00390nam a2200157Ia 4500
008 230312s9999||||xx |||||||||||||| ||und||
020 _a978-0-19-927390
082 _a658.3
_bPAA-H
100 _aPaauwe Jaap
245 0 _aHRM and Performance
260 _aDelhi
_c2004
300 _a251
546 _aEng.
650 _aManagement
_vIntroduction.HRM and Strategy:Does it Matter
942 _cBK
999 _c772
_d772